| 000 | 00386nam a22001577a 4500 | ||
|---|---|---|---|
| 003 | LK-CoDNM | ||
| 005 | 20241219151157.0 | ||
| 008 | 241219b |||||||| |||| 00| 0 eng d | ||
| 040 |
_aLK-CoDNM _dLK-CoDNM _eLK-CoDNM |
||
| 041 | _aeng | ||
| 080 |
_a2 _bJ14 |
||
| 245 | _aZoology Of The Investigator-plates-Fishes | ||
| 300 | _a120p. : ill , 30 cm | ||
| 650 | _aScience | ||
| 942 | _cBK | ||
| 999 |
_c233737 _d233737 |
||